Business economics : higher and standard grade Standard 10 (Record no. 249845)

MARC details
000 -LEADER
fixed length control field 00339nam a2200097Ia 4500
082 ## - DEWEY DECIMAL CLASSIFICATION NUMBER
Classification number ST 658 BUSI
008 - FIXED-LENGTH DATA ELEMENTS--GENERAL INFORMATION
fixed length control field 210817s9999 xx 000 0 und d
100 ## - MAIN ENTRY--PERSONAL NAME
Personal name Eksteen, F R L N Goodwood [South Africa], 1987 4th ed., 11th impression 2001
9 (RLIN) 75500
245 #0 - TITLE STATEMENT
Title Business economics : higher and standard grade Standard 10
942 ## - ADDED ENTRY ELEMENTS
item type Books
Holdings
Withdrawn status Lost status Damaged status Not for loan Home library Current library Date acquired Cost, normal purchase price Total Checkouts Barcode Date last seen Price effective from item type
        Lebohang Lebohang 18.08.2021 209.65   33228022562571 18.08.2021 18.08.2021 Books